La realidad acerca de la disputa sobre el Río San Juan: un enfoque histórico, jurídico y económico /
Este texto ofrece una visión completa de la disputa en torno al Río San Juan desde un enfoque histórico, jurídico y económico. A través de una recopilación exhaustiva de información, se presenta un análisis detallado de los antecedentes históricos de la disputa, las cuestiones legales que la rodean...
Sábháilte in:
| Príomhchruthaitheoir: | |
|---|---|
| Formáid: | Anaithnid |
| Teanga: | Spanish |
| Foilsithe / Cruthaithe: |
Nicaragua :
Universidad Centroamericana ;
1998
|
| Ábhair: | |
| Clibeanna: |
Cuir clib leis
Níl clibeanna ann, Bí ar an gcéad duine le clib a chur leis an taifead seo!
|
MARC
| LEADER | 00000 a2200000 04500 | ||
|---|---|---|---|
| 001 | 48225 | ||
| 003 | cru CRAI/IIS | ||
| 005 | 20230902182708.0 | ||
| 008 | 050620s1998 cr spa d | ||
| 040 | |c cru CRAIS/IIS |a Centro de Recursos para el Aprendizaje y la Investigación |b español | ||
| 090 | |a 01.02.02 U58r | ||
| 100 | |a Esgueva, Antonio, |c compilador | ||
| 245 | |a La realidad acerca de la disputa sobre el Río San Juan: |b un enfoque histórico, jurídico y económico / |c Recopilarción e introducción por Antonio Esgueva | ||
| 260 | |a Nicaragua : |b Universidad Centroamericana ; |c 1998 | ||
| 300 | |a 54 páginas | ||
| 500 | |a Colección Centroamérica | ||
| 520 | 3 | |a Este texto ofrece una visión completa de la disputa en torno al Río San Juan desde un enfoque histórico, jurídico y económico. A través de una recopilación exhaustiva de información, se presenta un análisis detallado de los antecedentes históricos de la disputa, las cuestiones legales que la rodean y las implicaciones económicas para las partes involucradas. Se examinan los tratados y acuerdos internacionales que han influido en la situación, así como los argumentos presentados por los países en conflicto. RAR 09/2022 | |
| 650 | 0 | 0 | |0 TESAUROS |2 OCDE |9 7715 |a TERRITORIOS |
| 650 | 0 | 0 | |2 OCDE |9 136 |a HISTORIA |
| 650 | 0 | 0 | |2 OCDE |9 507 |a ACUERDOS INTERNACIONALES |
| 650 | 0 | 0 | |2 OCDE |9 4728 |a CONFLICTOS |
| 650 | 0 | 0 | |2 OCDE |9 6040 |a DERECHO INTERNACIONAL |
| 650 | 0 | 4 | |2 OCDE |9 2011 |a RECURSOS NATURALES |
| 650 | 0 | 4 | |2 UNESCO |9 1848 |a DIPLOMACIA |
| 651 | 0 | |2 OCDE |9 1861 |a NICARAGUA | |
| 852 | 1 | 1 | |a 01.02.02 U58r |
| 942 | |2 ddc |c LI |h 01.02.02 U58r |k 01.02.02 |m U58r |6 010202_U58R | ||
| 999 | |c 11656 |d 11656 | ||
